000 00783nas a2200265 4500
001 BR7803974
003 BR-BrBNA
005 20231205083456.0
007 ta
008 230509b bl.|||p| |||| 00| 00por d
040 _aBR-BrBNA
_bpor
_cBiblioteca Nacional de Agricultura
041 _a(Pt)
072 _aF10; U10
100 1 _aSilva, Z.R.
100 1 _aPequeno, H.C.
100 1 _aCampos, J.L.D.
245 1 _aUm metodo empirico par estimativa da evapotranspiracao potencial no Ceara [Brasil]
650 _aMeteorologia
650 _aMatematica
650 _aEvapotranspiracao
650 _aCeara
773 0 _tCiencia Agronomica (Brazil)
_xISSN 0045-6888
_g(Dec 1978), v. 8(1-2) p. 91-95
_wBR7803974
909 _a202311
_bLúcia
_c55
_dLúcia Elande
942 _2AGRIS
_n0
_cANA
999 _c99035
_d99035